000
00288nam a22001217a 4500
082
_a
823
_b
KIN/H
100
_a
KINNEY, JEAN
245
_a
HOW OTTO RINGLING BECAME KING OF THE CIRCUS
260
_a
NEW YORK
_b
MACMILLAN
300
_a
32
650
_a
ENGLISH STORY
_z
UNITED STATES
942
_c
BK
999
_c
7534
_d
7534